000 00710nam a2200229 i 4500
001 C2-0233148
003 PPAK
005 20180728090321.0
008 010414s1996 my |||| ||||| | may d
040 _aPPAK
_beng
_cPPAK
_erda
082 0 4 _a354.595
_223
090 0 0 _a354.595
_bAHM
_dR
100 0 _aAhmad Sarji Abdul Hamid,
_d1938-
_eauthor
245 1 0 _aPekeliling-pekeliling mengenai pembaharuan dalam perkhidmatan awam Malaysia (1991 - 1996)
264 1 _aKuala Lumpur :
_bKerajaan Malaysia ,
_c1996
300 _a[various pages] ;
_c26 cm
336 _2rdacontent
_atext
337 _2rdamedia
_aunmediated
338 _2rdacarrier
_avolume
650 1 0 _aCivil service - Malaysia
942 _ddc
_cB
999 _c152160
_d152160